|
|
|
|
| LEADER |
00624nab a2200169 i 4500 |
| 001 |
acta106 |
| 005 |
20210616154945.0 |
| 008 |
161015s1929 hu o 0|| hun d |
| 040 |
|
|
|a SZTE Egyetemi Kiadványok Repozitórium
|b hun
|
| 041 |
|
|
|a hun
|
| 100 |
2 |
|
|a Dr. Roska Márton
|
| 245 |
1 |
0 |
|a Kelta sír Nagyenyeden
|h [elektronikus dokumentum] /
|c Dr. Roska Márton
|
| 260 |
|
|
|c 1929
|
| 300 |
|
|
|a 82-86
|
| 490 |
0 |
|
|a Dolgozatok a Magyar Királyi Ferencz József Tudományegyetem Archaeologiai Intézetéből
|v 5
|
| 695 |
|
|
|a Nagyenyed, kelta, sír
|
| 856 |
4 |
0 |
|u http://acta.bibl.u-szeged.hu/106/1/dolgozatok_1929_082-086.pdf
|z Dokumentum-elérés
|